| 000 | 00551nam a22001697a 4500 | ||
|---|---|---|---|
| 020 | _qHard Cover. | ||
| 082 | _a004 | ||
| 100 | _aAfzal, Erum | ||
| 245 |
_aContext based storage and retrieval of multimedia contents / _cErum, Afzal |
||
| 260 |
_aIslamabad: _bSEECS - NUST, _c2013. |
||
| 300 |
_avii, 53 p. : ill. ; _c30cm. |
||
| 650 |
_aMs Thesis. _918721 |
||
| 700 |
_aDr. Sharifullah Khan. _916362 |
||
| 856 | _uhttp://10.250.8.41:8080/xmlui/handle/123456789/30258 | ||
| 942 |
_2ddc _cTHE |
||
| 999 |
_c528087 _d528087 |
||